00657nam a2200205 450000500170000001000150001702000260003203500140005803700130007208200110008510000230009624501000011925000120021926000410023127000930027230000260036550000190039170000200041070000210043020191216145736.0 aENG-127144 a9789353438722c659.00 aEN-110676 bDBAD/PUB a551.48 aBedient, Philip B. aHydrology and floodplain analysis /cby Philip B. Bedient, Wayne C. Huber [and] Baxter E. Vieux a6th ed. aNoidabPearson India Educationc2020 a15th Floor, Tower-b, World Trade Tower, Plot No.-1, Block -C, Sector 16bNoida e201301 axiv;811p .c23cm(pbk) aIncludes index aHuber, Wayne C. aVieux, Baxter E.